[Event "Challenge"]
[Site "http://www.queenalice.com/game.php?id=190996"]
[Date "2007.4.3"]
[Round "-"]
[White "profeta"]
[Black "Conde"]
[Result "0-1"]
[WhiteElo "1470"]
[BlackElo "1564"]

1. c4 c5 2. e4 Nc6 3. Nf3 g6 4. d4 d6 5. dxc5 dxc5 6. Qxd8+ Nxd8 7. Nc3 Nc6 8.
Nd5 Kd8 9. Bf4 Bg7 10. Bc7+ Ke8 11. Rb1 Bg4 12. Ne5 Nxe5 13. h3 Bd7 14. f4 Nc6
15. g3 e6 16. Be5 Kf8 17. Bd6+ Nge7 18. e5 exd5 19. cxd5 Nb4 20. Rc1 Nxd5 21.
Rxc5 Kg8 22. Bc4 Be6 23. O-O b6 24. Rb5 Bxh3 25. Rf3 Bd7 26. Rbb3 Rc8 27. Bd3
Nc6 28. Rf1 Bf8 29. Bxf8 Kxf8 30. Bc4 Nde7 31. Ba6 Rc7 32. Rd1 Nb8 33. Bb5 Kg7
34. a4 h5 35. Kf2 Be6 36. Re3 Rc2+ 37. Re2 Rc7 38. b4 Bg4 39. Rdd2 Bxe2 40. Rxe2
a6 41. Bd3 Nd5 0-1

[Event "Challenge"]
[Site "http://www.queenalice.com/game.php?id=209757"]
[Date "2007.5.12"]
[Round "-"]
[White "profeta"]
[Black "Conde"]
[Result "1-0"]
[WhiteElo "1500"]
[BlackElo "1625"]

1. e4 e5 2. Nf3 Nc6 3. Bb5 a6 4. Bxc6 dxc6 5. Nxe5 Qe7 6. d4 Nf6 7. Bg5 Qb4+ 8.
Qd2 Qxb2 9. O-O Nxe4 10. Qe3 Bf5 11. Nd2 Qxc2 12. Qb3 Qxb3 13. Nxb3 Nxg5 14. f4
Ne4 15. a4 Be6 16. Nc5 Nxc5 17. dxc5 Bxc5+ 18. Kh1 O-O-O 19. f5 Bd5 20. Rac1 Bb6
21. Rf4 1-0

[Event "Challenge"]
[Site "http://www.queenalice.com/game.php?id=289421"]
[Date "2007.10.19"]
[Round "-"]
[White "Conde"]
[Black "BrunoAssis"]
[Result "1-0"]
[WhiteElo "1538"]
[BlackElo "1431"]

1. e4 e5 2. Nf3 Nc6 3. Bb5 a6 4. Ba4 Nf6 5. d3 b5 6. Bb3 Bb4+ 7. c3 Ba5 8. O-O
O-O 9. a3 Re8 10. Re1 d6 11. h3 d5 12. Nbd2 Bb6 13. d4 exd4 14. cxd4 Bxd4 15.
exd5 Nxd5 16. Bxd5 Qxd5 17. Rxe8# 1-0

[Event "Challenge"]
[Site "http://www.queenalice.com/game.php?id=289422"]
[Date "2007.10.19"]
[Round "-"]
[White "Conde"]
[Black "BocaDeLata"]
[Result "1-0"]
[WhiteElo "1580"]
[BlackElo "1100"]

1. e4 e6 2. d4 Bb4+ 3. c3 Ba5 4. Nf3 Nf6 5. Bd3 Nc6 6. O-O d5 7. e5 Ng4 8. h3
Nh6 9. a3 a6 10. b4 Bb6 11. Bg5 f6 12. exf6 Nf7 13. fxg7 Ne7 14. gxh8=Q+ Nxh8
15. Ne5 h6 16. Qh5+ Kf8 17. Qxh6+ Ke8 18. Qxh8+ Ng8 19. Qxg8# 1-0

[Event "Challenge"]
[Site "http://www.queenalice.com/game.php?id=308350"]
[Date "2007.11.22"]
[Round "-"]
[White "profeta"]
[Black "Conde"]
[Result "0-1"]
[WhiteElo "1441"]
[BlackElo "1528"]

1. e4 e5 2. Nf3 Nc6 3. Nc3 Nf6 4. Bb5 a6 5. Bxc6 dxc6 6. a3 Bg4 7. h3 Bxf3 8.
Qxf3 Be7 9. d3 h6 10. b4 Qd4 11. Bb2 O-O-O 12. Ne2 Qxb2 13. O-O Qxc2 14. Rad1 c5
15. Rc1 Qa4 16. bxc5 Qxa3 17. Nc3 Bxc5 18. Rfd1 Rhf8 19. Nb1 Qb4 20. Nc3 g5 21.
Qxf6 Qd4 22. Ne2 Qd6 23. Qf5+ Kb8 24. Kh1 Bb6 25. Qh7 Bxf2 26. Nc3 Be3 27. Rc2
c6 28. Qf5 Bd4 29. Qf1 h5 30. Ne2 Ba7 31. Qf3 g4 32. hxg4 hxg4 33. Qg3 f5 34. d4
f4 35. Qb3 exd4 36. Rb1 Rh8+ 37. Kg1 d3+ 38. Kf1 Rh1+ 39. Ng1 Rxg1# 0-1

[Event "Revancha"]
[Site "http://www.queenalice.com/game.php?id=326921"]
[Date "2007.12.28"]
[Round "-"]
[White "Conde"]
[Black "pepebacardi"]
[Result "0-1"]
[WhiteElo "1537"]
[BlackElo "1851"]

1. e4 c5 2. Nf3 d6 3. d4 cxd4 4. Nxd4 Nf6 5. Nc3 e5 6. Bb5+ Bd7 7. Bxd7+ Nbxd7
8. Nf3 a6 9. a4 Nc5 10. Nd2 Be7 11. b4 Ne6 12. Nc4 O-O 13. a5 Rc8 14. Qe2 Nd4
15. Qd3 Qc7 16. Nb6 Qxc3+ 17. Qxc3 Rxc3 0-1

[Event "Challenge"]
[Site "http://www.queenalice.com/game.php?id=328663"]
[Date "2007.12.31"]
[Round "-"]
[White "Feee"]
[Black "Conde"]
[Result "1-0"]
[WhiteElo "1592"]
[BlackElo "1580"]

1. e3 e5 2. d3 d5 3. c3 Nf6 4. h3 Nc6 5. Nd2 Be7 6. c4 d4 7. e4 a6 8. a3 b5 9.
b3 bxc4 10. bxc4 a5 11. Ngf3 a4 12. Rb1 O-O 13. Rb5 Bd6 14. c5 Be7 15. Nc4 Nd7
16. h4 Bxc5 17. Nfxe5 Ncxe5 18. Nxe5 Bd6 19. Bf4 f6 20. Nc6 Qe8 21. Bxd6 cxd6
22. Rb4 Nc5 23. Nxd4 Qe5 24. Be2 d5 25. Nf3 Qc3+ 26. Qd2 Qa1+ 27. Bd1 1-0

[Event "Challenge"]
[Site "http://www.queenalice.com/game.php?id=358836"]
[Date "2008.2.22"]
[Round "-"]
[White "Conde"]
[Black "pepebacardi"]
[Result "0-1"]
[WhiteElo "1557"]
[BlackElo "1884"]

1. e4 c6 2. d4 d5 3. Nc3 dxe4 4. Nxe4 Bf5 5. Ng3 Bg6 6. h4 h6 7. Nf3 Nd7 8. h5
Bh7 9. Bd3 Bxd3 10. Qxd3 e6 11. Bd2 Qc7 12. O-O-O Ngf6 13. Ne4 O-O-O 14. g3 Nxe4
15. Qxe4 Bd6 16. c4 c5 17. g4 cxd4 18. Qxd4 f6 19. b3 Ba3+ 20. Kb1 e5 21. Qxa7
Qc5 22. Be3 Qxa7 23. Bxa7 b6 24. Rd5 Kb7 25. Bxb6 Nxb6 26. Rb5 Ka6 27. Ne1 Rd1+
0-1

[Event "A Arte do Encontro"]
[Site "http://www.queenalice.com/game.php?id=360721"]
[Date "2008.2.25"]
[Round "-"]
[White "Conde"]
[Black "Ghandy"]
[Result "0-1"]
[WhiteElo "1608"]
[BlackElo "1305"]

1. e4 c5 2. Nf3 Nf6 3. Nc3 d6 4. d4 cxd4 5. Nxd4 e5 6. Bb5+ Nbd7 7. Nf5 a6 8.
Be2 g6 9. Nxd6+ Bxd6 10. Qxd6 Qe7 11. Qc7 O-O 12. O-O Nc5 13. Qa5 Be6 14. Bg5
Ncd7 15. Qc7 Kg7 16. Qxb7 Rab8 17. Qxa6 Nc5 18. Qa3 Ra8 19. Qb4 Rfb8 20. Nb5 Ra4
21. Qd2 Ncxe4 22. Qe3 Nxg5 23. Qxg5 Qc5 24. Nc3 Rf4 25. Nd1 Ne4 26. Qxf4 exf4
27. c3 Nd2 28. Re1 Qg5 29. g3 Bh3 30. b4 Re8 31. Rc1 Nf3+ 0-1

[Event "Challenge"]
[Site "http://www.queenalice.com/game.php?id=361340"]
[Date "2008.2.26"]
[Round "-"]
[White "profeta"]
[Black "Conde"]
[Result "0-1"]
[WhiteElo "1452"]
[BlackElo "1590"]

1. e4 e5 2. Nf3 Nc6 3. Nc3 a6 4. d4 Bb4 5. a3 Bxc3+ 6. bxc3 d5 7. exd5 Qxd5 8.
dxe5 Qxd1+ 9. Kxd1 Nge7 10. h3 h6 11. g4 Nd5 12. Bd2 Be6 13. c4 Nb6 14. c3 O-O-O
15. Kc2 Na4 16. Kb1 f5 17. g5 Na5 18. gxh6 gxh6 19. Nd4 Bxc4 20. Bxc4 Nxc4 21.
Kc2 Rdf8 22. Bf4 c5 23. Ne6 Re8 24. Ng7 Re7 25. Nxf5 Rf7 26. Bh2 Rxf5 27. Bg3
Rf3 28. Kd1 Nxc3+ 29. Kc2 h5 30. e6 Nd5 31. a4 Rc3+ 32. Kd1 h4 33. Bh2 Rxh3 34.
Kc2 Rc3+ 35. Kd1 Rd3+ 36. Kc2 Nb4+ 37. Kc1 Rd2 38. Rd1 Rxf2 39. Bg1 Rc2+ 40. Kb1
Nd2+ 41. Rxd2 Rxd2 42. Bxc5 Nd3 43. Ba3 h3 44. Bc1 Re2 45. Ra3 Nc5 46. Rc3 b6
47. a5 Kb7 48. axb6 Nxe6 49. Ra3 h2 0-1

[Event "Challenge"]
[Site "http://www.queenalice.com/game.php?id=391229"]
[Date "2008.4.21"]
[Round "-"]
[White "ORNELAS"]
[Black "Conde"]
[Result "0-1"]
[WhiteElo "1660"]
[BlackElo "1551"]

1. d4 Nf6 2. Bg5 Ne4 3. Be3 e6 4. Nf3 Qf6 5. Qd3 d5 6. Ne5 Bd6 7. f3 Qh4+ 8. g3
Nxg3 9. Rg1 Nf5+ 10. Bf2 Qxh2 11. f4 Qxf4 12. Nd2 O-O 13. Rg4 Qh6 14. O-O-O f6
15. Rg1 fxe5 16. a3 e4 17. Qb5 a6 18. Qa5 Nc6 19. Qc3 e3 20. Bxe3 Nxe3 21. Qd3
e5 22. Re1 Bf5 23. Qb3 b5 24. Bg2 Nxd4 25. Bxd5+ Nxd5 26. Qxd5+ Be6 27. Qg2 g6
28. e3 Nf5 29. Rh1 Qg7 30. e4 Ne7 31. Kb1 b4 32. Qg3 bxa3 33. bxa3 Rab8+ 34. Nb3
c5 35. Kc1 c4 36. Nd2 Rb7 37. c3 Bxa3+ 38. Kd1 Nc6 39. Rhf1 Rd8 40. Qg5 Be7 41.
Qg3 a5 42. Rh1 Rbd7 43. Rh2 h5 44. Ree2 Rd3 45. Qe1 Rxc3 46. Re3 Rxe3 47. Qxe3
Bg4+ 48. Kc2 Be6 49. Rg2 Nb4+ 50. Kc3 Rd3+ 51. Qxd3 Nxd3 52. Rg1 Bb4+ 53. Kc2
Qh6 54. Nf3 Bg4 55. Nh4 Qd2+ 56. Kb1 Qb2# 0-1

[Event "Challenge"]
[Site "http://www.queenalice.com/game.php?id=427715"]
[Date "2008.7.4"]
[Round "-"]
[White "profeta"]
[Black "Conde"]
[Result "0-1"]
[WhiteElo "1469"]
[BlackElo "1562"]

1. e4 e5 2. Nf3 Nc6 3. Nc3 Nf6 4. Bc4 Bc5 5. Ng5 d5 6. exd5 Nd4 7. d3 h6 8. Nf3
O-O 9. h3 Qd6 10. O-O Bf5 11. g4 Nxg4 12. hxg4 Bxg4 13. Ne2 Bxf3 14. Re1 Qg6+
15. Kf1 Qg2# 0-1

[Event "revanche"]
[Site "http://www.queenalice.com/game.php?id=448088"]
[Date "2008.8.13"]
[Round "-"]
[White "Conde"]
[Black "pepebacardi"]
[Result "0-1"]
[WhiteElo "1628"]
[BlackElo "1924"]

1. e4 c5 2. Nf3 d6 3. d4 cxd4 4. Nxd4 Nf6 5. Nc3 a6 6. Bg5 e5 7. Nf3 Be7 8. Bxf6
Bxf6 9. Bc4 O-O 10. O-O b5 11. Bd5 Ra7 12. b4 Bb7 13. Bxb7 Rxb7 14. Qd3 Rd7 15.
a4 bxa4 16. Rxa4 Qb6 17. b5 axb5 18. Rb4 Rc8 19. Nd5 Qd8 20. Rxb5 Nc6 21. c3 h6
22. g3 g5 23. g4 Rb8 24. Nxf6+ Qxf6 25. Nxe5 dxe5 26. Qxd7 Rxb5 27. Qe8+ Kg7 28.
f3 Rb2 0-1

[Event "Challenge"]
[Site "http://www.queenalice.com/game.php?id=454809"]
[Date "2008.8.28"]
[Round "-"]
[White "profeta"]
[Black "Conde"]
[Result "0-1"]
[WhiteElo "1499"]
[BlackElo "1581"]

1. e4 e5 2. Nc3 Nf6 3. Nf3 Nc6 4. a3 d5 5. d4 Bg4 6. h3 exd4 7. exd5 dxc3 8.
dxc6 Qxd1+ 9. Kxd1 bxc6 10. hxg4 Nxg4 11. Be3 cxb2 12. Ra2 b1=Q+ 13. Ke2 Qxa2
0-1

[Event "Challenge"]
[Site "http://www.queenalice.com/game.php?id=475468"]
[Date "2008.10.10"]
[Round "-"]
[White "flaviovieira"]
[Black "Conde"]
[Result "0-1"]
[WhiteElo "1707"]
[BlackElo "1599"]

1. e4 e5 2. Nf3 Nc6 3. Bb5 a6 4. Bxc6 dxc6 5. O-O Bg4 6. h3 h5 7. hxg4 hxg4 8.
Nh2 Qh4 9. f3 g3 10. d4 Qxh2# 0-1

[Event "Challenge"]
[Site "http://www.queenalice.com/game.php?id=493297"]
[Date "2008.11.14"]
[Round "-"]
[White "flaviovieira"]
[Black "Conde"]
[Result "0-1"]
[WhiteElo "1676"]
[BlackElo "1622"]

1. e4 e5 2. Nf3 d6 3. Be2 Bg4 4. O-O Qf6 5. Nc3 c6 6. h3 h5 7. d3 Na6 8. Bg5 Qg6
9. d4 Bxf3 10. Bxf3 Qxg5 11. dxe5 dxe5 12. Qd3 Be7 13. Rad1 Nh6 14. Qd7+ Kf8 15.
Qxb7 Re8 16. Qxa6 Ng4 17. Qxa7 Qf4 18. Bxg4 hxg4 19. g3 Qh6 20. h4 Bxh4 21. gxh4
Qxh4 22. f3 Qh2# 0-1

[Event "Challenge"]
[Site "http://www.queenalice.com/game.php?id=535294"]
[Date "2009.2.5"]
[Round "-"]
[White "profeta"]
[Black "Conde"]
[Result "0-1"]
[WhiteElo "1515"]
[BlackElo "1647"]

1. e4 e5 2. d4 exd4 3. Qxd4 Nc6 4. Qd1 Nf6 5. Nc3 Bb4 6. Bd2 O-O 7. a3 Bxc3 8.
bxc3 Nxe4 9. Nf3 Re8 10. Be3 Nxc3 11. Qd2 Qf6 12. Bd3 Ne4 13. Qd1 Qc3+ 14. Ke2
Qf6 15. Kf1 d6 16. Bxe4 Rxe4 17. Bg5 Qc3 18. Nd2 Re5 19. Bf4 Rf5 20. Ne4 Qc4+
21. Qd3 Qxd3+ 22. cxd3 Rxf4 23. Nd2 Bf5 24. Ke2 Re8+ 25. Kd1 Rxf2 26. Re1 Rd8
27. Rc1 Bxd3 28. Rc3 Bb5 29. Ne4 Rxg2 30. Kc1 d5 31. Nc5 b6 32. Rce3 Nd4 33. Nd3
Rxh2 34. Re7 Nb3+ 35. Kd1 Rd2# 0-1

[Event "Challenge"]
[Site "http://www.queenalice.com/game.php?id=626735"]
[Date "2009.7.29"]
[Round "-"]
[White "Conde"]
[Black "pepebacardi"]
[Result "0-1"]
[WhiteElo "1659"]
[BlackElo "2021"]

1. e4 e6 2. d4 d5 3. Nc3 Bb4 4. e5 c5 5. a3 Bxc3+ 6. bxc3 Ne7 7. Qg4 O-O 8. Bd3
f5 9. Qh5 Nbc6 10. Nf3 Qb6 11. Qh4 Ng6 12. Qh3 cxd4 13. Qg3 dxc3 14. Ng5 Ncxe5
15. O-O Nxd3 16. cxd3 e5 17. Re1 e4 18. dxe4 fxe4 19. Qxc3 Qxf2+ 20. Kh1 Nh4 0-1

[Event "Challenge"]
[Site "http://www.queenalice.com/game.php?id=1026896"]
[Date "2012.2.6"]
[Round "-"]
[White "pepebacardi"]
[Black "Conde"]
[Result "1-0"]
[WhiteElo "2138"]
[BlackElo "1651"]

1. e4 e5 2. Nf3 f6 3. d4 Qe7 4. Bc4 Nh6 5. O-O d6 6. Nc3 Nc6 7. Nd5 Qf7 8. Be3
Bg4 9. c3 O-O-O 10. Nb6+ cxb6 11. Bxf7 Nxf7 12. h3 Bd7 13. b4 b5 14. a4 a6 15.
axb5 axb5 16. Ra8+ Kc7 17. Qa1 1-0

[Event "Challenge"]
[Site "http://www.queenalice.com/game.php?id=1026897"]
[Date "2012.2.6"]
[Round "-"]
[White "Conde"]
[Black "pepebacardi"]
[Result "1-0"]
[WhiteElo "1632"]
[BlackElo "2139"]

1. e4 e6 2. d3 d5 3. Nd2 f5 4. Qf3 Nc6 5. exf5 exf5 6. Qe2+ Nge7 7. Nh3 g6 8.
Nb3 Bd7 9. Bf4 Bg7 10. Rb1 O-O 11. c3 Re8 12. Qd2 Ne5 13. Bh6 Ng4 14. Bg5 Nc6+
15. Be2 Bf6 16. Bf4 1-0

[Event "Challenge"]
[Site "http://www.queenalice.com/game.php?id=1026993"]
[Date "2012.2.6"]
[Round "-"]
[White "Conde"]
[Black "plot24"]
[Result "0-1"]
[WhiteElo "1658"]
[BlackElo "1887"]

1. e4 e5 2. d3 Nc6 3. Nf3 Nf6 4. Be2 Bc5 5. O-O O-O 6. Bg5 d6 7. Nc3 a5 8. Qd2
Be6 9. Bxf6 Qxf6 10. a3 Rad8 11. Nb5 Bb6 12. b4 d5 13. Rab1 dxe4 14. bxa5 Bxa5
15. Qe3 exf3 16. Bxf3 Bb6 17. Qe2 Rfe8 18. Rbc1 Nd4 0-1

[Event "Challenge"]
[Site "http://www.queenalice.com/game.php?id=1070005"]
[Date "2012.6.9"]
[Round "-"]
[White "profeta"]
[Black "Conde"]
[Result "1-0"]
[WhiteElo "1580"]
[BlackElo "1651"]

1. e4 e5 2. Nf3 Nc6 3. Nc3 Nf6 4. Bb5 Nd4 5. Ba4 Bc5 6. Nxd4 exd4 7. Nd5 Nxd5 8.
exd5 Qe7+ 9. Qe2 Qxe2+ 10. Kxe2 O-O 11. Rd1 1-0